La philosophie indienne : La contribution d’un continent à la vie de l’esprit (notice n° 2198206)
[ vue normale ]
| 000 -LEADER | |
|---|---|
| fixed length control field | 01236cam a2200133 4500500 |
| 005 - DATE AND TIME OF LATEST TRANSACTION | |
| control field | 20260405085520.0 |
| 041 ## - LANGUAGE CODE | |
| Language code of text/sound track or separate title | fre |
| 042 ## - AUTHENTICATION CODE | |
| Authentication code | dc |
| 100 10 - MAIN ENTRY--PERSONAL NAME | |
| Personal name | Chenet, François |
| Relator term | author |
| 245 00 - TITLE STATEMENT | |
| Title | La philosophie indienne : La contribution d’un continent à la vie de l’esprit |
| 260 ## - PUBLICATION, DISTRIBUTION, ETC. | |
| Name of publisher, distributor, etc. | Armand Colin,<br/> |
| Date of publication, distribution, etc. | 2019.<br/> |
| 520 ## - SUMMARY, ETC. | |
| Summary, etc. | Nombre de philosophes occidentaux ont pensé qu’il n’y avait pas, à proprement parler, de philosophie en Inde — seulement des religions, des systèmes de mythes et de rites fondés sur la croyance ; ou bien des sagesses pratiques visant sinon le bonheur, du moins l’évitement de la souffrance.Or l’Inde a su faire droit aux exigences de la pensée rationnelle. Elle s’est bel et bien élevée au logos, et il y a bien de la « philosophie » dans l’Inde — même s’il est vrai que l’Inde pense le projet philosophique de liberté en termes de « délivrance ».Cette initiation concise aux écoles, courants et œuvres majeures de la philosophie indienne en souligne l’originalité. Elle propose une évaluation de ses contributions à la philosophie universelle. |
| 856 41 - ELECTRONIC LOCATION AND ACCESS | |
| Uniform Resource Identifier | <a href="https://shs.cairn.info/la-philosophie-indienne--9782200627034?lang=fr&redirect-ssocas=7080">https://shs.cairn.info/la-philosophie-indienne--9782200627034?lang=fr&redirect-ssocas=7080</a> |
Pas d'exemplaire disponible.




Réseaux sociaux